000 00679nam a22002297a 4500
005 20170124110200.0
010 _aB-217032
020 _c00.00
_a818435004
035 _aB-217032
037 _bCen Lib/Ret
040 _aDPL
_bEN
082 _a070.1068
_bYAD
100 _a Yadav, K.P.
_916330
245 _aMedia management /
_cby K.P. Yadav
260 _bAdhyayan Publishers
_c2006
_aNew Delhi
270 _aAnsari road Daryaganj
_bNew Delhi
_e110002
300 _a368p.
_c21cm(Hb)
500 _aIncludes index
650 _aPublic relation--management and practice
_972854
650 _aMedia management
_936001
942 _2ddc
_cEN
_h070.1068
_mYAD
999 _c132873
_d132873